[Event "GER-ch Net Amateur Gr-B Vor3"]
[Site "Playchess.com INT"]
[Date "2020.04.16"]
[Round "6"]
[White "Neuhoff, Laertes"]
[Black "Ullrich, Jan"]
[Result "1-0"]
[WhiteElo "1427"]
[BlackElo "1567"]
[PlyCount "69"]
[EventDate "2020.04.16"]
[EventType "swiss (blitz)"]
[EventRounds "9"]
[EventCountry "GER"]
[SourceTitle "CBM 195 Extra"]
[Source "ChessBase"]
[SourceDate "2020.05.31"]
[SourceVersion "1"]
[SourceVersionDate "2020.05.31"]
[SourceQuality "1"]

1. d4 g6 2. c4 d5 3. cxd5 Qxd5 4. Nc3 Qd8 5. Nf3 Bg7 6. Bf4 c6 7. e4 e6 8. g3 Ne7 9. Bg2 0-0 10. 0-0 Nd7 11. Bd6 Re8 12. e5 Nf5 13. Ne4 Bf8 14. Bxf8 Rxf8 15. Bh3 Ne7 16. Nd6 Nd5 17. Nd2 c5 18. N2e4 cxd4 19. Qxd4 b6 20. Nxc8 Rxc8 21. Nd6 Rc6 22. Bg2 Rc7 23. Bxd5 exd5 24. Qxd5 Rc5 25. Qb7 Rxe5 26. Qxa7 Qe7 27. Nc4 Rb5 28. Qa6 Rb4 29. a3 Nc5 30. Qa5 Rxc4 31. Qxb6 Rc2 32. a4 Nd3 33. a5 Qe2 34. a6 Nxf2 35. Rxf2 1-0

[Event "GER-ch Net Amateur Gr-B Vor3"]
[Site "Playchess.com INT"]
[Date "2020.04.16"]
[Round "8"]
[White "Ullrich, Jan"]
[Black "Heyer, Thomas"]
[Result "0-1"]
[WhiteElo "1557"]
[BlackElo "1203"]
[PlyCount "96"]
[EventDate "2020.04.16"]
[EventType "swiss (blitz)"]
[EventRounds "9"]
[EventCountry "GER"]
[SourceTitle "CBM 195 Extra"]
[Source "ChessBase"]
[SourceDate "2020.05.31"]
[SourceVersion "1"]
[SourceVersionDate "2020.05.31"]
[SourceQuality "1"]

1. e4 c6 2. d4 d5 3. exd5 cxd5 4. Nf3 Nc6 5. Bd3 Bg4 6. c3 e6 7. 0-0 Nf6 8. h3 Bh5 9. Be3 Bd6 10. Nbd2 Qc7 11. Be2 Bg6 12. Nh2 Bxh2+ 13. Kh1 Bf4 14. Bxf4 Qxf4 15. Nf3 Be4 16. g3 Qf5 17. Kg2 Ne7 18. Kh2 Bxf3 19. Bxf3 0-0-0 20. Bg2 g5 21. Qb3 g4 22. h4 Ne4 23. Kg1 Nd2 24. Qb4 Nxf1 25. Qxe7 Nd2 26. c4 Rd7 27. Qc5+ Rc7 28. Qb4 Rxc4 29. Qxd2 Kb8 30. b3 Rc2 31. Qe3 Rhc8 32. b4 R8c3 33. Qe1 Qd3 34. Qe5+ Rc7 35. Bxd5 exd5 36. Qe8+ Rc8 37. Qxf7 R2c7 38. Qf4 Qf3 39. Qg5 Rc2 40. Rf1 Re2 41. Qg7 Rcc2 42. Qg8+ Kc7 43. Qxh7+ Kb6 44. Qg6+ Kb5 45. Qg7 Rxf2 46. Qxb7+ Kc4 47. Qc6+ Kxd4 48. Qxc2 Rxf1+ 0-1

[Event "GER-ch Net Amateur Gr-B Vor1"]
[Site "Playchess.com INT"]
[Date "2020.04.14"]
[Round "9"]
[White "Hoke, Adrian Neo"]
[Black "Ullrich, Jan"]
[Result "1/2-1/2"]
[WhiteElo "1739"]
[BlackElo "1585"]
[PlyCount "111"]
[EventDate "2020.04.14"]
[EventType "swiss (blitz)"]
[EventRounds "9"]
[EventCountry "GER"]
[SourceTitle "EXT 2021"]
[Source "ChessBase"]
[SourceDate "2020.10.23"]
[SourceVersion "1"]
[SourceVersionDate "2020.10.23"]
[SourceQuality "1"]

1. e4 g6 2. d4 d5 3. Nc3 dxe4 4. Nxe4 Bg7 5. Nf3 Bg4 6. c3 e6 7. Be2 Ne7 8. 0-0 c6 9. Be3 Qc7 10. h3 Bxf3 11. Bxf3 Nd7 12. Qd2 0-0 13. Bf4 Qb6 14. Bd6 Qd8 15. Qg5 Re8 16. Rad1 f6 17. Qe3 f5 18. Ng5 Nf8 19. Ba3 Nd5 20. Bxd5 exd5 21. Qd3 Qxg5 22. Rfe1 Ne6 23. Bd6 Nf4 24. Qf3 Ne6 25. Re2 Qf6 26. Rde1 Qf7 27. Be5 Bh6 28. Bg3 Ng5 29. Rxe8+ Rxe8 30. Qd1 Rxe1+ 31. Qxe1 Ne4 32. Be5 Bg7 33. Bxg7 Qxg7 34. f3 Nf6 35. Qe6+ Qf7 36. Qc8+ Kg7 37. Qb8 Qe7 38. Qxa7 Nh5 39. Kh2 Nf4 40. Qb6 Qe2 41. Qxb7+ Kh6 42. Kg3 Qxg2+ 43. Kxf4 Qg5+ 44. Ke5 Qe3+ 45. Kd6 Qxf3 46. Kxc6 Qxh3 47. a4 Qf3 48. a5 Qe4 49. Qd7 f4 50. a6 f3 51. a7 f2 52. a8Q f1Q 53. Qad8 Qc4+ 54. Kb7 Qb3+ 55. Qb6 Qxb6+ 56. Kxb6 1/2-1/2

[Event "GER-ch Net Amateur Gr-B Vor1"]
[Site "Playchess.com INT"]
[Date "2020.04.14"]
[Round "3"]
[White "Ullrich, Jan"]
[Black "Scharf, Oliver"]
[Result "1-0"]
[WhiteElo "1620"]
[BlackElo "1415"]
[PlyCount "99"]
[EventDate "2020.04.14"]
[EventType "swiss (blitz)"]
[EventRounds "9"]
[EventCountry "GER"]
[SourceTitle "EXT 2021"]
[Source "ChessBase"]
[SourceDate "2020.10.23"]
[SourceVersion "1"]
[SourceVersionDate "2020.10.23"]
[SourceQuality "1"]

1. e4 e5 2. Nf3 d6 3. Bc4 Be7 4. 0-0 Nf6 5. d3 Nc6 6. a3 0-0 7. c3 Bg4 8. h3 Bh5 9. Nbd2 a6 10. Qc2 Na5 11. Ba2 Re8 12. Nh2 Bf8 13. f4 exf4 14. Rxf4 Nc6 15. Rf1 Ne7 16. Ndf3 c6 17. d4 Nd7 18. Be3 Nc8 19. Rae1 Bg6 20. Nd2 Nf6 21. Bg5 h6 22. Bxf6 gxf6 23. Qd1 Bg7 24. Qg4 Nb6 25. Nhf3 Kh7 26. Nh4 Qd7 27. Qg3 Re7 28. Nxg6 fxg6 29. Nf3 Rae8 30. Nh4 g5 31. Nf5 Rxe4 32. Rxe4 Rxe4 33. Bb1 Re6 34. Nxd6+ Kg8 35. Bf5 Qxd6 36. Bxe6+ Qxe6 37. Qb8+ Kh7 38. Qxb7 Nd5 39. Qxa6 Qe3+ 40. Kh1 Nf4 41. Qxc6 Qe2 42. Qf3 Qc2 43. Rf2 Qc1+ 44. Kh2 Bf8 45. Qe4+ Kg7 46. d5 Qd1 47. c4 Qc1 48. b3 Ng6 49. d6 Bxd6+ 50. g3 1-0

[Event "GER-ch Net Amateur Gr-B Vor1"]
[Site "Playchess.com INT"]
[Date "2020.04.14"]
[Round "5"]
[White "Ullrich, Jan"]
[Black "Thomzik, Dirk"]
[Result "0-1"]
[WhiteElo "1565"]
[BlackElo "1485"]
[PlyCount "50"]
[EventDate "2020.04.14"]
[EventType "swiss (blitz)"]
[EventRounds "9"]
[EventCountry "GER"]
[SourceTitle "EXT 2021"]
[Source "ChessBase"]
[SourceDate "2020.10.23"]
[SourceVersion "1"]
[SourceVersionDate "2020.10.23"]
[SourceQuality "1"]

1. e4 d5 2. exd5 Qxd5 3. Nf3 Bg4 4. Be2 Nc6 5. 0-0 0-0-0 6. Nc3 Qh5 7. d3 e5 8. Ne4 Be7 9. Ng3 Qg6 10. h3 Be6 11. Nd2 Nf6 12. Bf3 Nd4 13. Be4 Nxe4 14. Ndxe4 h5 15. c3 Nf5 16. Nxf5 Bxf5 17. Qf3 Be6 18. Rd1 Bd5 19. Be3 f5 20. Qg3 Qxg3 21. Nxg3 f4 22. Bxf4 exf4 23. Nf5 Bf6 24. d4 Rhe8 25. Re1 Be4 0-1